UBT Library

Chemistry / (Record no. 47077)

000 -LEADER
fixed length control field 00887cam a2200289 a 4500
001 - CONTROL NUMBER
control field 14757723
005 - DATE AND TIME OF LATEST TRANSACTION
control field 20180814040634.0
008 - FIXED-LENGTH DATA ELEMENTS--GENERAL INFORMATION
fixed length control field 070305s2008 njua 001 0 eng
010 ## - LIBRARY OF CONGRESS CONTROL NUMBER
LC control number 2007009390
015 ## - NATIONAL BIBLIOGRAPHY NUMBER
National bibliography number GBA734461
Source bnb
016 7# - NATIONAL BIBLIOGRAPHIC AGENCY CONTROL NUMBER
Record control number 013740384
Source Uk
020 ## - INTERNATIONAL STANDARD BOOK NUMBER
International Standard Book Number 9780131993235
020 ## - INTERNATIONAL STANDARD BOOK NUMBER
International Standard Book Number 0131993232
020 ## - INTERNATIONAL STANDARD BOOK NUMBER
International Standard Book Number 9780132321464 (pbk.)
020 ## - INTERNATIONAL STANDARD BOOK NUMBER
International Standard Book Number 0132321467 (pbk.)
035 ## - SYSTEM CONTROL NUMBER
System control number (OCoLC)85814183
040 ## - CATALOGING SOURCE
Original cataloging agency DLC
Transcribing agency DLC
Modifying agency YDX
-- BAKER
-- BTCTA
-- YDXCP
-- OCLCG
-- UKM
-- DLC
041 ## - LANGUAGE CODE
Language code of text/sound track or separate title eng
080 ## - UNIVERSAL DECIMAL CLASSIFICATION NUMBER
Universal Decimal Classification number 540
082 00 - DEWEY DECIMAL CLASSIFICATION NUMBER
Classification number 540
Edition number 22
100 1# - Rafti
Rafti 12
101 ## - Shkurtesa
Shkurtesa kim
245 10 - TITLE STATEMENT
Title Chemistry /
Statement of responsibility, etc John E. McMurry, Robert C. Fay.
906 ## - LOCAL DATA ELEMENT F, LDF (RLIN)
a 7
b cbc
c orignew
d 1
e ecip
f 20
g y-gencatlg
942 ## - ADDED ENTRY ELEMENTS (KOHA)
Source of classification or shelving scheme
Item type Books
Holdings
Withdrawn status Lost status Source of classification or shelving scheme Damaged status Not for loan Collection code Permanent location Current location Shelving location Date acquired Total Checkouts Full call number Barcode Date last seen Price effective from Koha item type
          Koleksioni i përgjithshem UBT - Lipjan UBT - Lipjan Koleksioni i përgjithshem 08/14/2018   540 mcm 002-3010994 08/14/2018 08/14/2018 Books
UBT Library © 2015-2024. All rights reserved University Education for Business and Technology